000 00403nam a2200181Ia 4500
003 IT-RoPAU
008 120407s9999 xx 000 0 und d
040 _aIT-RoPAU
040 _cIT-RoPAU
100 _aGiuseppe Ricciotti
245 _aLa Sacra Bibbia: Levitico - Numeri - Deuteronomio
250 _aFirenze
260 _aSalani
300 _c cm
490 _v1
942 _cBK
999 _c10473
_d10473